| 000 | 01113nam a2200241 i 4500 | ||
|---|---|---|---|
| 001 | 17712 | ||
| 003 | ES-MaACL | ||
| 005 | 20230906151640.0 | ||
| 007 | t| | ||
| 008 | 010508s1963 sp f |||| | spa d | ||
| 080 | _a616.346.2-002(08) | ||
| 100 | 1 |
_aFaro Moreno, Jesús María. _948879 |
|
| 245 | 1 | 0 |
_aFalsos síndromes apendiculares _b: diagnóstico diferencial clínico / _cpor Jesús María Faro Moreno . Métodos de diagnósticos complementarios en las seudoapendicopatías crónicas / por Ramón Celma Delgado . Seudo-apendicitis crónicas en la infancia / por Abel Ramiro García. |
| 260 |
_aZaragoza : _bInstitución "Fernando el Católico", _c1963. |
||
| 300 |
_a207 p., [12] h. de lám. ; _c25 cm. |
||
| 594 | _aIV Jornadas Médicas Aragonesas, Zaragoza, 18-22 mayo 1963. Ponencia Seudo-apendicitis I. | ||
| 650 | 1 | 4 |
_aApendicitis. _99917 |
| 700 | 1 |
_aCelma Delgado, Ramón. _937375 |
|
| 700 | 1 |
_aRamiro García, Antonio Abel. _995187 |
|
| 710 | 2 |
_aInstitución "Fernando el Católico" _94721 |
|
| 711 | 2 |
_aJornadas Médicas Aragonesas ( _n4º. _d1963. _cZaragoza) _9836 |
|
| 852 |
_aES-MaACL _jA-275 |
||
| 999 |
_c17712 _d17712 |
||